Eurovision 2nd Placers - Statistics

General Stats
  • This quiz has been taken 51 times
  • The average score is 41 of 68
Answer Stats
Year Answer % Correct
2025 Israel
98%
2023 Finland
95%
2022 United Kingdom
95%
2024 Croatia
93%
2021 France
88%
2019 Italy
80%
2018 Cyprus
75%
2016 Australia
73%
2017 Bulgaria
73%
2009 Iceland
73%
2014 Netherlands
70%
2015 Russia
70%
1957 France
68%
1959 United Kingdom
65%
1961 United Kingdom
65%
1964 United Kingdom
65%
1968 United Kingdom
65%
1972 United Kingdom
65%
1975 United Kingdom
65%
1988 United Kingdom
65%
1989 United Kingdom
65%
1992 United Kingdom
65%
1993 United Kingdom
65%
1998 United Kingdom
65%
2011 Italy
63%
2006 Russia
63%
2012 Russia
63%
1977 United Kingdom
63%
2013 Azerbaijan
60%
2010 Turkey
60%
1960 United Kingdom
60%
1965 United Kingdom
60%
1970 United Kingdom
60%
1976 France
58%
2005 Malta
58%
1958 Switzerland
58%
2007 Ukraine
58%
2003 Belgium
55%
1990 France
55%
1991 France
55%
1999 Iceland
55%
1990 Ireland
55%
1994 Poland
55%
2000 Russia
55%
2008 Ukraine
55%
2001 Denmark
53%
1984 Ireland
53%
1997 Ireland
53%
1974 Italy
53%
1980 Germany
50%
1967 Ireland
50%
2002 Malta
50%
1996 Norway
50%
1963 Switzerland
50%
1986 Switzerland
50%
1981 Germany
48%
1985 Germany
48%
1987 Germany
48%
1982 Israel
48%
1983 Israel
48%
2004 Serbia And Montenegro
48%
1979 Spain
48%
1966 Sweden
48%
1978 Belgium
45%
1971 Spain
45%
1995 Spain
45%
1973 Spain
43%
1962 Monaco
40%
No matching quizzes found
Score Distribution
Percent of People with Each Score
Percentile by Number Answered
Your Score History
You have not taken this quiz